000 02152nam a22002297a 4500
008 250303e20250204po |||||o|||| 00| 0 eng d
041 _aeng
110 _aRoyal Institution of Chartered Surveyors
245 _aDecember 2024 RICS/Ci Portuguese Housing Market Survey
_h[Electronic resource]
260 _bRoyal Institution of Chartered Surveyors & Confidencial Imobilario
_c4 February 2025
_aLondon,
300 _a5p
490 _aPortuguese Housing Market Survey
520 _aRICS, in partnership with Confidencial Imobiliario, produces the Portuguese Housing Market Survey, a sentiment survey that collects and analyses the opinions of professionals in agency and development about the prices, availability and demand of residential property in three areas of the country: Greater Lisbon, Greater Oporto and the Algarve. The December 2024 edition of the RICS/Ci PHMS presents a slightly more optimistic outlook when compared to recent iterations of the survey, with a modest increase in both transaction levels and demand. Furthermore, expectations within both the sales and lettings market have risen in a similar fashion. Starting with new buyer enquiries, the net balance has moved into the positive zone from -2% last month to +6% this month, although this remains close enough to 0 to be regarded as a relatively neutral trend. On the supply side, the level of new instructions coming to market has shown a further deterioration, with the net balance becoming more negative, moving from -16% to -28% this month. Moving over to the volume of sales, this metric has also turned positive with the latest reading of +10% marking an 11pp increase from November
650 _aHOUSING MARKET
650 _aRESIDENTIAL PROPERTY
651 _aPortugal
690 _aResidential property
_96266
710 _aRoyal Institution of Chartered Surveyors
710 _aConfidencial Imobiliário
856 _uhttps://www.rics.org/content/dam/ricsglobal/documents/market-surveys/rics-ci-portuguese-housing-market-survey/Portuguese-housing-market-survey-December-2024.pdf
_zAvailable on RICS.org
942 _n0
999 _c122111
_d122111